| 000 | 00656nam a2200193 a 4500 | ||
|---|---|---|---|
| 999 |
_c7366 _d7366 |
||
| 003 | OSt | ||
| 005 | 20240612122014.0 | ||
| 008 | 990625s2021 sp 000 0 spa d | ||
| 020 | _a9788417977573 | ||
| 040 |
_aCDMR _cc _bcat |
||
| 100 | 1 |
_aBustos, Jorge ( _d1982-) |
|
| 245 | 1 | 0 |
_aAsombro y desencanto : _bdos viajes por Castilla y Francia / _cJorge Bustos ; [prólogo de Andrés Trapiello] |
| 260 |
_aBarcelona : _bLibros del Asteroide, _c2021 |
||
| 300 |
_aXII, 197 p., [2] p. de mapes b/n. ; _c20 cm |
||
| 490 | 0 |
_aLibros del Asteroide ; _v252 |
|
| 600 | 1 | 4 |
_aBustos, Jorge ( _d1982-)- _xViatges |
| 700 | 1 |
_aTrapiello, Andrés _93656 |
|
| 942 |
_2udc _cMON |
||